[Event "Hastings Masters 2017-18"]
[Site "Hastings ENG"]
[Date "2018.01.03"]
[Round "7.21"]
[White "Graham, Da"]
[Black "Willson, Ollie"]
[Result "0-1"]
[WhiteElo "2204"]
[BlackElo "2057"]
[PlyCount "68"]
[EventDate "2017.12.28"]
[EventType "swiss"]
[EventRounds "9"]
[EventCountry "ENG"]

1. e4 Nf6 2. d3 e5 3. Nf3 Nc6 4. Nbd2 Bc5 5. Be2 O-O 6. c3 a6 7. h3 Re8 8. Qc2
d5 9. Nf1 h6 10. g4 Nh7 11. Ng3 Be6 12. Nh5 dxe4 13. dxe4 Ng5 14. Bxg5 hxg5 15.
Rd1 Qe7 16. h4 g6 17. Ng3 gxh4 18. Qc1 hxg3 19. fxg3 Qf6 20. g5 Qe7 21. Nh4 Bb6
22. Rd3 Red8 23. Rf3 Rd7 24. Rf6 Kg7 25. Nxg6 fxg6 26. Rh6 Bf7 27. Bc4 Qc5 28.
Bxf7 Qg1+ 29. Ke2 Qg2+ 30. Ke1 Qxe4+ 31. Kf1 Rxf7 32. Rxf7+ Kxf7 33. Qd1 Rf8
34. Qa4 Kg7# 0-1

[Event "Nebesna Sotnya Mem Blitz"]
[Site "Lutsk UKR"]
[Date "2018.02.16"]
[Round "15.3"]
[White "Peng, Li Min"]
[Black "Bortnik, N."]
[Result "1/2-1/2"]
[WhiteElo "2320"]
[BlackElo "2432"]
[PlyCount "65"]
[EventDate "2018.02.16"]
[EventType "swiss (blitz)"]
[EventRounds "15"]
[EventCountry "UKR"]

1. e4 Nf6 2. d3 e5 3. Nf3 Nc6 4. Be2 d5 5. Nbd2 Bc5 6. O-O O-O 7. c3 a5 8. a4
Re8 9. Qc2 h6 10. h3 b6 11. Re1 Ba6 12. Nf1 Bf8 13. Ng3 g6 14. Bf1 Bg7 15. Bd2
Qd6 16. Rad1 Rad8 17. Bc1 Qf8 18. b3 dxe4 19. dxe4 Bxf1 20. Nxf1 Rxd1 21. Rxd1
Rd8 22. Rxd8 Qxd8 23. Ba3 Bf8 24. Bxf8 Kxf8 25. N3d2 Kg7 26. Ne3 Qd6 27. Ndc4
Qd7 28. Qd2 Qxd2 29. Nxd2 Kf8 30. Kf1 Ke8 31. Ke2 Kd7 32. Kd3 Ke6 33. g3
1/2-1/2

[Event "TCh-CZE 1 Liga Vychod"]
[Site "Czech Republic CZE"]
[Date "2018.03.04"]
[Round "9.1"]
[White "Kracik, T."]
[Black "Hosek, Ma"]
[Result "1-0"]
[WhiteElo "2230"]
[BlackElo "2098"]
[PlyCount "67"]
[EventDate "2017.10.22"]
[EventType "team"]
[EventRounds "11"]
[EventCountry "CZE"]
[WhiteTeam "Panda Rychnov nad Kneznou A"]
[BlackTeam "Lokomotiva Brno A"]

1. e4 Nf6 2. d3 g6 3. f4 Bg7 4. Nf3 d6 5. Be2 c5 6. O-O Nc6 7. c3 O-O 8. Qe1 e6
9. h3 d5 10. e5 Nd7 11. g4 f6 12. exf6 Bxf6 13. Na3 Qe7 14. Nc2 Nb6 15. d4 Bd7
16. Bd3 cxd4 17. cxd4 Rac8 18. b3 Qg7 19. Be3 Be7 20. Qd2 Rfe8 21. Rf2 a5 22.
Raf1 Nb4 23. Nxb4 Bxb4 24. Qe2 Rf8 25. Ne5 Bc6 26. Rg2 Nd7 27. Nxc6 Rxc6 28. f5
b5 29. Bxb5 Rd6 30. Bxd7 Rxd7 31. fxe6 Re7 32. Rxf8+ Kxf8 33. Bg5 Kg8 34. Qe5
1-0

[Event "49th Mar Del Plata Open"]
[Site "Mar del Plata ARG"]
[Date "2018.03.25"]
[Round "2.1"]
[White "Rodriguez Vila, A."]
[Black "Wainer, D."]
[Result "1-0"]
[WhiteElo "2473"]
[BlackElo "2100"]
[PlyCount "71"]
[EventDate "2018.03.24"]
[EventType "swiss"]
[EventRounds "9"]
[EventCountry "ARG"]

1. e4 Nf6 2. d3 e5 3. f4 d6 4. Nf3 Nc6 5. Nc3 Bg4 6. Be2 Qd7 7. O-O O-O-O 8.
Nd5 Nxd5 9. exd5 Ne7 10. c4 Bxf3 11. Rxf3 f5 12. d4 e4 13. Rb3 h6 14. Qe1 g5
15. fxg5 Bg7 16. Qf2 f4 17. Qxf4 Bxd4+ 18. Be3 Ng6 19. Qxe4 Bxe3+ 20. Rxe3 Ne5
21. g6 Rdg8 22. Rg3 Rg7 23. Rf1 Qe7 24. Qf5+ Kd8 25. c5 Qd7 26. Qf6+ Qe7 27.
cxd6 cxd6 28. h4 h5 29. Rg5 Rhg8 30. Bxh5 Ke8 31. Be2 Nxg6 32. Bh5 Qe3+ 33. Kh1
Qe4 34. Rg4 Qd3 35. Rc1 Qxd5 36. Bxg6+ 1-0

[Event "ch-ITA Semiblitz 2018"]
[Site "Chianciano Terme ITA"]
[Date "2018.04.02"]
[Round "5.6"]
[White "Vocaturo, D."]
[Black "Lami, Damiano"]
[Result "1-0"]
[WhiteElo "2620"]
[BlackElo "1965"]
[PlyCount "103"]
[EventDate "2018.04.02"]
[EventType "swiss (rapid)"]
[EventRounds "9"]
[EventCountry "ITA"]

1. e4 Nf6 2. d3 d5 3. Nd2 dxe4 4. dxe4 e5 5. Ngf3 Nc6 6. Bb5 Bd6 7. O-O O-O 8.
c3 a6 9. Bxc6 bxc6 10. Qc2 a5 11. Rd1 Ba6 12. Nb3 a4 13. Nc5 Qb8 14. Nxa6 Rxa6
15. Nh4 g6 16. Nf3 c5 17. Qe2 Qb7 18. Nd2 Raa8 19. f3 Rfd8 20. Nc4 Qa6 21. Kf1
Re8 22. Bg5 Nd7 23. Rd2 Nb6 24. Nxd6 Qxe2+ 25. Kxe2 cxd6 26. Rxd6 Nc4 27. Rd5
Rab8 28. Bc1 Rec8 29. h4 Nxb2 30. Rxe5 c4 31. Ra5 Nd3 32. Ba3 Nf4+ 33. Kf2 Nd3+
34. Ke3 Ra8 35. Rxa8 Rxa8 36. Rb1 Rd8 37. Be7 Rc8 38. Bf6 Kf8 39. g4 Ke8 40.
Rb7 Ra8 41. Re7+ Kf8 42. Rc7 a3 43. Kd2 Rb8 44. Rxc4 Nb2 45. Rd4 Ke8 46. Kc2
Rc8 47. Kb3 Ra8 48. e5 Rc8 49. f4 h5 50. gxh5 gxh5 51. f5 Ra8 52. e6 1-0

[Event "Bodensee Open 2018"]
[Site "Bregenz AUT"]
[Date "2018.05.10"]
[Round "6.12"]
[White "Welz, P."]
[Black "Chetverik, M."]
[Result "1/2-1/2"]
[WhiteElo "2005"]
[BlackElo "2245"]
[PlyCount "42"]
[EventDate "2018.05.05"]
[EventType "swiss"]
[EventRounds "9"]
[EventCountry "AUT"]

1. e4 Nf6 2. d3 e5 3. f4 Nc6 4. Nf3 d5 5. fxe5 dxe4 6. exf6 exf3 7. Qxf3 Nd4 8.
Qd1 Qxf6 9. c3 Nf5 10. g3 h5 11. Qf3 Bd6 12. Nd2 O-O 13. Ne4 Re8 14. Be2 Qe7
15. Qxh5 Bd7 16. O-O g6 17. Qg5 Be5 18. Bg4 Nxg3 19. hxg3 Qxg5 20. Nxg5 Bxg4
21. Nxf7 Bg7 1/2-1/2

[Event "Roza Lallemand Trophy"]
[Site "Angouleme FRA"]
[Date "2018.06.09"]
[Round "3.1"]
[White "Safranska, A."]
[Black "Dornbusch, Tatiana"]
[Result "0-1"]
[WhiteElo "2211"]
[BlackElo "2283"]
[PlyCount "164"]
[EventDate "2018.06.09"]
[EventType "swiss (rapid)"]
[EventRounds "9"]
[EventCountry "FRA"]

1. e4 Nf6 2. d3 e5 3. g3 d5 4. Qe2 dxe4 5. dxe4 Nc6 6. c3 Bg4 7. Nf3 Qd7 8. h3
Bxf3 9. Qxf3 O-O-O 10. Nd2 Bc5 11. Bg2 h5 12. O-O Qd3 13. Re1 Qc2 14. Nf1 Kb8
15. Ne3 Bxe3 16. Bxe3 Qxb2 17. Reb1 Qc2 18. a4 Rd6 19. a5 a6 20. Rc1 Qd3 21.
Rd1 Qc2 22. Rdc1 Qd3 23. Ra2 Rhd8 24. g4 hxg4 25. hxg4 Qc4 26. Raa1 Qe6 27. g5
Nd7 28. Bh3 Qe7 29. Rcb1 Ka8 30. Qe2 Rg6 31. Kf1 Qe8 32. Qb2 Rb8 33. Rd1 Rd6
34. Rd5 Rxd5 35. exd5 Ne7 36. c4 f5 37. gxf6 gxf6 38. Rd1 f5 39. Bg2 Qh5 40.
Qe2 Qxe2+ 41. Kxe2 f4 42. Bd2 Nf5 43. Bc3 Nd6 44. Rc1 Nxc4 45. Be1 b5 46. axb6
Ndxb6 47. d6+ Ka7 48. dxc7 Rc8 49. Bc3 Rxc7 50. Kf3 Re7 51. Bf1 e4+ 52. Kxf4
Nd5+ 53. Kg3 Nxc3 54. Rxc3 Nd2 55. Be2 Rf7 56. Ra3 Rf6 57. Ra2 Nb3 58. Bc4 Nc5
59. Be2 Kb6 60. f3 exf3 61. Bxf3 a5 62. Rb2+ Ka6 63. Be2+ Ka7 64. Rb5 Nb7 65.
Bf3 Rb6 66. Rh5 a4 67. Rh4 Nc5 68. Rh7+ Ka6 69. Rc7 Kb5 70. Ra7 Kb4 71. Bd5 Ra6
72. Re7 Rd6 73. Bf7 Rd7 74. Rxd7 Nxd7 75. Kf3 Kc3 76. Ke2 Ne5 77. Be6 a3 78.
Ba2 Nc6 79. Kd1 Kb2 80. Bd5 Nb4 81. Bc4 Nc2 82. Kd2 Nd4 0-1

[Event "37th St Veit Open 2018"]
[Site "St Veit AUT"]
[Date "2018.07.07"]
[Round "1.3"]
[White "Halvax, G."]
[Black "Hofbauer, P."]
[Result "1-0"]
[WhiteElo "2433"]
[BlackElo "2061"]
[PlyCount "57"]
[EventDate "2018.07.07"]
[EventType "swiss"]
[EventRounds "9"]
[EventCountry "AUT"]

1. e4 Nf6 2. d3 e5 3. Nf3 Nc6 4. c3 Be7 5. Be2 O-O 6. Nbd2 d5 7. Qc2 dxe4 8.
dxe4 Bg4 9. h3 Bxf3 10. Nxf3 Qd7 11. Be3 Bd6 12. Rd1 Qe6 13. b3 Rad8 14. Bc4
Qc8 15. Nh4 Ne7 16. Bg5 a6 17. a4 Bc5 18. Bxf6 gxf6 19. O-O c6 20. a5 Rxd1 21.
Qxd1 Kh8 22. Qf3 f5 23. exf5 f6 24. Qh5 Qe8 25. Qh6 Ng8 26. Ng6+ Qxg6 27. Qxf8
Qxg2+ 28. Kxg2 Bxf8 29. Bxg8 1-0

[Event "Canadian Open 2018"]
[Site "Quebec CAN"]
[Date "2018.07.09"]
[Round "4.5"]
[White "Tomb, M."]
[Black "Mulyar, M."]
[Result "1/2-1/2"]
[WhiteElo "2152"]
[BlackElo "2385"]
[PlyCount "55"]
[EventDate "2018.07.07"]
[EventType "swiss"]
[EventRounds "9"]
[EventCountry "CAN"]

1. e4 Nf6 2. d3 e5 3. Nf3 Nc6 4. Be2 d5 5. Nbd2 Be7 6. c3 a5 7. Qc2 O-O 8. Nf1
a4 9. Ng3 a3 10. b4 b5 11. d4 exd4 12. Bxb5 Na7 13. Bd3 dxe4 14. Nxe4 dxc3 15.
O-O Nd5 16. Rd1 Nxb4 17. Qxc3 Nxd3 18. Rxd3 Qe8 19. Qxc7 Bf5 20. Re3 Qd8 21.
Qf4 Bxe4 22. Qxe4 Re8 23. Rb1 Bf8 24. Qxe8 Qxe8 25. Rxe8 Rxe8 26. Kf1 Nc6 27.
Rb3 Ra8 28. Rc3 1/2-1/2

[Event "11th dMP Batavia Blitz"]
[Site "Amsterdam NED"]
[Date "2019.03.05"]
[Round "5.3"]
[White "Lahaye,R"]
[Black "Pijpers,A"]
[Result "0-1"]
[BlackElo "2490"]
[BlackFideId "1019554"]
[BlackTitle "IM"]
[EventDate "2019.03.01"]
[WhiteElo "2411"]
[WhiteFideId "1007092"]

1. e4 Nf6 2. d3 e5 3. Nf3 Nc6 4. c4 Bc5 5. Be3 d6 6. Nc3 Nd4 7. Be2 h6
8. Qd2 Nxe2 9. Nxe2 Qe7 10. Bxc5 dxc5 11. Qc3 Nd7 12. Ng3 g6 13. h4 h5
14. O-O-O f6 15. Ne2 Nf8 16. Nh2 Ne6 17. f4 Nd4 18. Nxd4 cxd4 19. Qd2 Bd7
20. fxe5 fxe5 21. Rdf1 O-O-O 22. Nf3 Bg4 23. Ng5 Rhf8 24. a3 a6 25. Kb1 Rxf1+
26. Rxf1 Rf8 27. Rf2 Rf6 28. Qe1 Rxf2 29. Qxf2 b5 30. cxb5 axb5 31. Qd2 Kb7
32. g3 Qf8 33. Qb4 Qf1+
0-1

[Event "ch-East Asia 2019"]
[Site "Ulaanbaatar MGL"]
[Date "2019.04.07"]
[Round "1.14"]
[White "Galmandakh,Badrakh"]
[Black "Gonchigdorj,Chuluun"]
[Result "1-0"]
[BlackElo "1982"]
[BlackFideId "4902092"]
[EventDate "2019.04.07"]
[WhiteElo "2222"]
[WhiteFideId "4902130"]

1. e4 Nf6 2. d3 d5 3. e5 Nfd7 4. f4 Nb6 5. Nf3 Bg4 6. h3 Bxf3 7. Qxf3 e6
8. g3 c5 9. Bg2 Nc6 10. c3 g6 11. O-O h5 12. Be3 Qc7 13. Nd2 Be7 14. Rac1 O-O-O
15. a3 c4 16. b4 cxd3 17. c4 dxc4 18. Nxc4 Nxc4 19. Rxc4 Kb8 20. b5 Nxe5
21. fxe5 Qd7 22. a4 d2 23. Rd1 Qd5 24. Qxd5
1-0

[Event "ch-POL Blitz 2019"]
[Site "Chorzow POL"]
[Date "2019.04.12"]
[Round "5.10"]
[White "Kuzmicz,K"]
[Black "Faron,R"]
[Result "1-0"]
[BlackElo "2167"]
[BlackFideId "1149768"]
[EventDate "2019.04.12"]
[WhiteElo "2461"]
[WhiteFideId "1119125"]
[WhiteTitle "IM"]

1. e4 Nf6 2. d3 d5 3. Nd2 dxe4 4. dxe4 e5 5. Ngf3 Bc5 6. Bc4 c6 7. O-O Qc7
8. Qe2 O-O 9. Re1 Bg4 10. h3 Bh5 11. Nf1 Nbd7 12. Ng3 Bg6 13. Nh4 b5 14. Bb3 a5
15. a3 Rfe8 16. Nhf5 Bf8 17. h4 Nc5 18. Qf3 Nxb3 19. Qxb3 Bxf5 20. Nxf5 g6
21. Qg3 Kh8 22. Nh6 Ng8 23. Ng4 h5 24. Nh2 b4 25. a4 Bh6 26. Nf3 Rad8
27. Bg5 Bxg5 28. Qxg5 Kg7 29. Rac1 Qe7 30. Qe3 c5 31. c3 Nf6 32. cxb4 cxb4
33. Qb6 Ra8 34. Rc7 Qe6 35. Qxe6 Rxe6 36. Ng5 Rf8 37. Nxe6+
1-0

[Event "14th Angers Open 2019"]
[Site "Angers FRA"]
[Date "2019.05.31"]
[Round "1.12"]
[White "Bouvet,F"]
[Black "Blondel,Jer"]
[Result "1-0"]
[WhiteElo "2206"]
[BlackElo "1834"]
[WhiteFideId "676357"]
[BlackFideId "644340"]
[EventDate "2019.05.31"]

1. e4 Nf6 2. d3 e5 3. Nf3 Nc6 4. Be2 Bc5 5. O-O d5 6. Nbd2 dxe4 7. dxe4 O-O 8.
c3 Qe7 9. b4 Bb6 10. Qc2 a6 11. a4 Bg4 12. Ba3 Nb8 13. Nc4 Bxf3 14. Bxf3 Ba7 15.
Rfd1 Nbd7 16. Na5 Rab8 17. Be2 Qe6 18. h3 b5 19. c4 Bd4 20. Rab1 c5 21. cxb5
cxb4 22. Bxb4 Rfc8 23. Nc6 Kh8 24. Bc4 Rxc6 25. bxc6 Qxc6 26. Bd3 Qe6 27. Ba3
Rd8 28. Qc7 Bb6 29. Qc4 1-0

[Event "14th American Continental"]
[Site "Sao Paulo BRA"]
[Date "2019.07.05"]
[Round "1.39"]
[White "Carvalho,Ce"]
[Black "Fernandez,Li"]
[Result "0-1"]
[BlackTitle "IM"]
[WhiteElo "1954"]
[BlackElo "2378"]
[WhiteFideId "2105578"]
[BlackFideId "3504190"]
[EventDate "2019.07.05"]

1. e4 Nf6 2. d3 e5 3. Nf3 Nc6 4. Be2 d5 5. Nbd2 Bc5 6. O-O O-O 7. c3 Re8 8. Qc2
a5 9. Rd1 h6 10. Nf1 Bb6 11. h3 Be6 12. g4 h5 13. g5 Nh7 14. Kg2 Qd7 15. Ng3 g6
16. Nh2 Qe7 17. Nf3 Rad8 18. h4 Rf8 19. Rf1 Kh8 20. Bd2 Bg4 21. Nh2 Bxe2 22.
Nxe2 dxe4 23. dxe4 f6 24. f4 fxg5 25. fxg5 Qc5 26. a3 Rf2+ 0-1

[Event "30th Czech Rapid G1 2019"]
[Site "Pardubice CZE"]
[Date "2019.07.19"]
[Round "8.60"]
[White "Chovanec,V"]
[Black "Freisler,P"]
[Result "0-1"]
[BlackTitle "IM"]
[WhiteElo "2047"]
[BlackElo "2261"]
[WhiteFideId "14907860"]
[BlackFideId "301477"]
[EventDate "2019.07.17"]

1. e4 Nf6 2. d3 e5 3. f4 Nc6 4. Nf3 d5 5. fxe5 dxe4 6. exf6 exf3 7. Qxf3 Nd4 8.
Qe4+ Be6 9. Kd1 Qxf6 10. Be3 O-O-O 11. Nc3 Bc5 12. Na4 Bb6 13. Nxb6+ axb6 14. c3
Nf5 15. Bf2 Rhe8 16. Qf3 Bd5 17. Qh3 Kb8 18. Be2 Be4 19. Kc2 Bxg2 20. Qxg2 Rxe2+
21. Kb1 Ne3 22. Bh4 Rxg2 23. Bxf6 gxf6 0-1

[Event "1st Lasker Mem GM 2019"]
[Site "Anogia GRE"]
[Date "2019.09.18"]
[Round "8.5"]
[White "Beerdsen,Thomas"]
[Black "Hristodoulou,P"]
[Result "1-0"]
[WhiteTitle "IM"]
[BlackTitle "FM"]
[WhiteElo "2482"]
[BlackElo "2280"]
[WhiteFideId "1030108"]
[BlackFideId "4214340"]
[EventDate "2019.09.11"]

1. e4 Nf6 2. d3 d5 3. Nd2 e5 4. Ngf3 Nc6 5. Be2 Bc5 6. O-O O-O 7. c3 a5 8. Qc2
Re8 9. h3 h6 10. Rd1 Bf8 11. Nf1 Be6 12. Ng3 Qe7 13. Re1 g6 14. Be3 Bg7 15. Rad1
Rad8 16. Qa4 Qd7 17. Kh1 d4 18. Bd2 b5 19. Qc2 Rb8 20. Rc1 Rb6 21. cxd4 exd4 22.
b3 Ra8 23. Kg1 Kh7 24. Qb1 Ne8 25. Nh2 b4 26. f4 Nd6 27. Bf3 Nb5 28. f5 gxf5 29.
exf5 Bd5 30. Rc5 Bxf3 31. Nxf3 Nc3 32. Qc1 a4 33. f6 Bxf6 34. Rh5 Ne7 35. Rxh6+
Kg8 36. Bg5 Ng6 37. Bxf6 Rxf6 38. Qg5 Re6 39. Nf5 Rxe1+ 40. Nxe1 Qe6 41. Rh8+ 1-0

[Event "Shirov&Maskacha Rapid"]
[Site "Riga LAT"]
[Date "2020.01.09"]
[Round "9.4"]
[White "Gudovskis,Konstantins"]
[Black "Sveshnikov,V"]
[Result "0-1"]
[BlackElo "2424"]
[BlackFideId "11601884"]
[BlackTitle "IM"]
[EventDate "2020.01.09"]
[WhiteElo "2025"]
[WhiteFideId "11609753"]

1. e4 Nf6 2. d3 e5 3. Nf3 Nc6 4. Nbd2 d5 5. g3 dxe4 6. dxe4 Bc5 7. Bg2 O-O
8. O-O Qe7 9. Qe2 Nd4 10. Nxd4 Bxd4 11. c3 Bg4 12. Qc4 Bb6 13. Re1 Rad8
14. Nf1 Be6 15. Qe2 Ng4 16. Ne3 Nxe3 17. Bxe3 Rd7 18. Bxb6 axb6 19. b3 Rfd8
20. Red1 g6 21. Bf3 Qc5 22. Qc2 b5 23. Rxd7 Rxd7 24. Rd1 b4 25. Rxd7 Bxd7
26. c4 Kg7 27. Qd2 Be6 28. h4 h5 29. Kf1 b5 30. cxb5 Qxb5+ 31. Be2 Qc5
32. Qb2 Kf8 33. Qd2 Kg7 34. Qb2 Kh7 35. Kg2 Qd6 36. Kf1 c5 37. Ke1 Kg7
38. a3 bxa3 39. Qxa3 Qd4 40. Qa4 Qc3+ 41. Kf1 Bxb3 42. Qc6 Be6 43. Qc7 Qd4
44. f3 c4 45. Ke1 c3 46. Bd1 Qe3+ 47. Kf1 Bh3#
0-1

[Event "PRO League Group Stage"]
[Site "chess.com INT"]
[Date "2020.02.05"]
[Round "5"]
[White "Ponkratov,P"]
[Black "Markus,Rob"]
[Result "1-0"]
[BlackElo "2599"]
[BlackFideId "921637"]
[BlackTeam "Hungary Hunters"]
[BlackTitle "GM"]
[EventDate "2020.01.06"]
[WhiteElo "2630"]
[WhiteFideId "4157800"]
[WhiteTeam "Russia Wizards"]
[WhiteTitle "GM"]

1. d3 Nf6 2. e4 c5 3. f4 Nc6 4. g4 h6 5. h3 d5 6. e5 Nd7 7. Bg2 Nb6 8. Nc3 h5
9. gxh5 Bf5 10. Nce2 e6 11. Ng3 Bh7 12. Nf3 Qc7 13. Ng5 Bg8 14. O-O O-O-O
15. Qg4 Re8 16. Re1 Nd4 17. Qd1 f6 18. c3 Nc6 19. Nf3 Bf7 20. a4 Nd7 21. d4 c4
22. Nh4 Be7 23. Ng6 Bxg6 24. hxg6 f5 25. Nxf5 exf5 26. Qf3 Bh4 27. Rd1 Ne7
28. b3 Rh6 29. Ba3 Nxg6 30. Bd6 Qc6 31. bxc4 Qxc4 32. Bf1 Qb3 33. Rdb1 Qc2
34. Qxd5 Nb6 35. Qc5+ Kd7 36. Qc7+ Ke6 37. Bc4+ Nd5 38. Bxd5+ Kxd5 39. Qxb7+ Kc4
40. Qc6+ Kd3 41. Qf3+
1-0